000 02602cas a2200481 a 4500
001 11467993
003 OSt
005 20110915101601.0
008 770307d18911954enkuu w 0 a0eng d
010 _a 96644929
_zsn 87019886
020 _a0406091293
035 _a(OCoLC)ocm02782973
040 _aLDC
_cNIC
_dMH
_dNST
_dDLC
_dOCoLC
_dDLC
042 _alc
043 _ae-uk---
050 0 0 _aKD276.3
_b.L39
082 _a348.041 LAW
245 0 4 _aThe Law Reports 1890 Vol. 44 Ch.D.
_pCases determined in the Chancery Division and in lunacy and on appeal therefrom in the Court of Appeal /
_cSupreme Court of Judicature.
246 1 _iVols. for 1942-1954 have title:
_aLaw reports of the Incorporated Council of Law Reporting.
_pChancery Division and cases in lunacy, and on appeal therefrom in the Court of Appeal
246 3 0 _aCases determined in the Chancery Division and in lunacy
246 3 0 _aChancery Division and cases in lunacy
246 1 8 _aLaw reports.
_pChancery Division
260 _aLondon :
_bPrinted and published for the Council of Law Reporting by W. Clowes and Sons,
_c1890-
300 _a v.
_c24 cm.
362 0 _aVol. 1 (1891)-1954.
515 _aVols. for <1941-> lack a numeric designation.
580 _aContinued in 1955 by: Law reports. Chancery Division, and cases in lunacy and on appeal therefrom in the Court of Appeal.
590 _aSERBIB/SERLOC merged record
650 0 _aLaw reports, digests, etc.
_zGreat Britain.
_94280
650 0 _aEquity
_zGreat Britain
_vCases.
_94281
650 0 _aInsanity (Law)
_zGreat Britain
_vCases.
_94282
710 1 _aGreat Britain.
_bHigh Court of Justice.
_bChancery Division.
_94283
710 1 _aGreat Britain.
_bCourt of Appeal.
_94284
710 2 _aIncorporated Council of Law Reporting for England and Wales.
_92564
710 1 _aGreat Britain.
_bSupreme Court of Judicature.
_94285
780 0 0 _tLaw reports. Cases determined in the Chancery Division and in bankruptcy and lunacy, and on appeal therefrom in the Court of Appeal
_w(DLC) 96644927
_w(OCoLC)2778588
785 1 0 _tLaw reports. Chancery Division and cases in lunacy, and on appeal therefrom in the Court of Appeal
_w(DLC) 96644928
_w(OCoLC)1605991
906 _a7
_bcbc
_cserials
_du
_encip
_f19
_gn-oclcserc
942 _2ddc
_cLRT
999 _c2168
_d2168